Československá federace 2 výrobní základna 1

Uložené v:
Podrobná bibliografia
Médium: Kniha
Jazyk:Czech
Vydavateľské údaje: Praha Československá tisková kancelář 1969
Tagy: Pridať tag
Žiadne tagy, Buďte prvý, kto otaguje tento záznam!

MARC

LEADER 00000nam a2200000 4500
001 c038939
005 20260323112627.3
041 0 |a cze 
044 |a CZ 
245 1 0 |a Československá federace 2  |b výrobní základna 1  |c Uspor. Václav Brož 
264 1 |a Praha  |b Československá tisková kancelář  |c 1969 
300 |a 95 s.